[Event "Open"]
[Site "Ikaros GRE"]
[Date "2003.07.18"]
[Round "7"]
[White "Vafiadis,K"]
[Black "Koliopoulos,K"]
[Result "1-0"]
[WhiteElo "2267"]
[BlackElo "2140"]

1.d4 Nf6 2.Nf3 d5 3.c4 c6 4.Nbd2 Bf5 5.e3 e6 6.Be2 Bd6 7.O-O h6 8.b3 O-O
9.Bb2 Ne4 10.Nxe4 Bxe4 11.Nd2 Bg6 12.Bf3 f5 13.g3 Nd7 14.Bg2 Nf6 15.a3 Bh5
16.Qc2 Ne4 17.f3 Nxd2 18.Qxd2 g5 19.f4 Rf7 20.b4 b5 21.cxb5 cxb5 22.Rfc1 g4
23.Rc5 Bxc5 24.dxc5 a5 25.Qd4 Kh7 26.a4 axb4 27.axb5 Rxa1+ 28.Bxa1 b3 29.c6 e5
30.Qxe5 Re7 31.Qd4 Be8 32.Qh8+ Kg6 33.Qg8+ Kh5 34.Qxd5 Qxd5 35.Bxd5 Rxe3
36.c7 Re1+ 37.Kf2 Rc1 38.Bc6 Bg6 39.c8=Q Rxa1 40.Be8  1-0

[Event "24th Open"]
[Site "Bled SLO"]
[Date "2003.07.19"]
[Round "8"]
[White "Srebrnic,V"]
[Black "Kozamernik,J"]
[Result "1/2-1/2"]
[WhiteElo "2257"]
[BlackElo "2199"]

1.Nf3 d5 2.d4 c6 3.c4 Nf6 4.Qc2 e6 5.g3 Nbd7 6.Bg2 Bd6 7.O-O O-O 8.b3 e5
9.dxe5 Nxe5 10.Bb2 Qe7 11.Nbd2 Nxf3+ 12.Nxf3 Bg4 13.Rfd1 Rfe8 14.Bxf6 Qxf6
15.cxd5 cxd5 16.Qd2 Rad8 17.Rac1 h6 18.Qd4 Qxd4 19.Rxd4 Ba3 20.Rcd1 Be6 21.e4 Bc5
22.R4d3 d4 23.Nxd4 Bg4 24.R1d2 Bb4 25.Rc2 Rd7 26.f3 Red8 27.fxg4  1/2-1/2

[Event "Quebec Open"]
[Site "Montreal CAN"]
[Date "2003.07.22"]
[Round "7"]
[White "Laptos,K"]
[Black "Laframboise,M"]
[Result "1-0"]
[WhiteElo "2231"]
[BlackElo "2069"]

1.d4 d5 2.c4 c6 3.Nf3 Nf6 4.Nbd2 Bf5 5.e3 e6 6.Be2 Nbd7 7.Nh4 Bg6 8.Nxg6 hxg6
9.a3 Bd6 10.b4 Qc7 11.f4 dxc4 12.Nxc4 Ne4 13.O-O Nc3 14.Qc2 Nxe2+ 15.Qxe2 Nb6
16.e4 Nxc4 17.Qxc4 O-O-O 18.Be3 Rh5 19.Rac1 g5 20.e5 Be7 21.b5 Kd7 22.fxg5 Rf8
23.Qe2 Bxg5 24.Rc5 Bxe3+ 25.Qxe3 f6 26.h3 Qb6 27.exf6 Rxc5 28.dxc5 Qxb5 29.Rd1+  1-0

[Event "MTO"]
[Site "Biel SUI"]
[Date "2003.07.23"]
[Round "3"]
[White "Potterat,M"]
[Black "Haenggi,M"]
[Result "1-0"]
[WhiteElo "2194"]
[BlackElo "2115"]

1.d4 d5 2.c4 dxc4 3.Nf3 c6 4.e3 b5 5.a4 e6 6.axb5 cxb5 7.b3 Bb4+ 8.Bd2 Bxd2+
9.Nbxd2 a5 10.bxc4 b4 11.Bd3 Nf6 12.e4 O-O 13.e5 Nfd7 14.h4 f5 15.exf6 Nxf6
16.Ne4 Bb7 17.Neg5 Bxf3 18.Qxf3 Qxd4 19.Rd1 Qc3+ 20.Kf1 Nbd7 21.Nxe6 Ne5
22.Qb7 Nh5 23.Nxf8 Rxf8 24.Rh3 Qb2 25.Be2 Nf4 26.Re3 Kh8 27.Qe4 Nfd3 28.f3 Qc2
29.Rdxd3 Nxd3 30.Bxd3 Qd1+ 31.Re1  1-0

[Event "1st Open"]
[Site "Marche Estate ITA"]
[Date "2003.07.23"]
[Round "3"]
[White "Aaberg,A"]
[Black "Zimina,O"]
[Result "1/2-1/2"]
[WhiteElo "2404"]
[BlackElo "2367"]

1.d4 d5 2.c4 c6 3.Nf3 Nf6 4.Qc2 Bg4 5.Nbd2 e6 6.g3 Nbd7 7.Bg2 Bd6 8.O-O O-O
9.Re1 Re8 10.a3 Rc8 11.b4 e5 12.dxe5 Nxe5 13.Bb2 Qe7 14.Nxe5 Bxe5 15.e4 Bxb2
16.Qxb2 dxe4 17.Nxe4 Nxe4 18.Rxe4 Qd7 19.Qd4 Rxe4 20.Qxd7 Bxd7 21.Bxe4 Be6
22.c5 Bd5 23.Bxd5 cxd5 24.Rd1 Rd8 25.f4 Kf8 26.Kf2 a5 27.b5 d4 28.Ke2 Rd5
29.Rc1 d3+ 30.Kd2 Ke7 31.Rc3 f5 32.h3 h5 33.h4 Ke8 34.a4 Ke7 35.c6 bxc6 36.Rxc6 Rd4
37.Rc7+ Kf6 38.b6 Rxa4 39.Kxd3 Rb4 40.Rc6+ Ke7 41.Kc3 Rb1  1/2-1/2

[Event "KB Czech Open"]
[Site "Pardubice CZE"]
[Date "2003.07.23"]
[Round "6"]
[White "Grabarczyk,M"]
[Black "Stryjecki,M"]
[Result "1/2-1/2"]
[WhiteElo "2508"]
[BlackElo "2422"]

1.d4 d5 2.c4 c6 3.Nf3 Nf6 4.Qc2 Bg4 5.cxd5 Bxf3 6.gxf3 Qxd5 7.Qb3 Qxb3 8.axb3 e6
9.Na3 Bb4+ 10.Bd2 Bxd2+ 11.Kxd2 Ke7 12.e4 Nbd7 13.Ke3 Rhd8 14.Be2 c5 15.dxc5 Nxc5
16.b4 Nb3 17.Rad1 e5 18.Rhg1 Ne8 19.Nb5 a6 20.Bc4 axb5 21.Bxb3 g6 22.f4 exf4+
23.Kxf4 Nc7 24.Ke3 f6 25.h4 Na6 26.h5 g5 27.h6 Nxb4 28.f4 Rxd1 29.Rxd1 Rc8
30.Kf3 Na6 31.Kg4 Nc5 32.Rc1 gxf4 33.Bd5 b4 34.Rc4 b6 35.b3 Rc7 36.Kxf4 Nd3+
37.Ke3  1/2-1/2

[Event "ch-NED Open"]
[Site "Dieren NED"]
[Date "2003.07.25"]
[Round "4"]
[White "Ellenbroek,T"]
[Black "Hamelink,D"]
[Result "0-1"]
[WhiteElo "2087"]
[BlackElo "2192"]

1.d4 d5 2.c4 c6 3.Nf3 Nf6 4.Qb3 dxc4 5.Qxc4 Bf5 6.e3 Nbd7 7.Be2 e6 8.O-O Be7
9.Bd2 O-O 10.Bb4 Rc8 11.Bxe7 Qxe7 12.Nbd2 c5 13.Rac1 h6 14.Nb3 Nb6 15.Qb5 cxd4
16.Nfxd4 Bg6 17.Qa5 Nfd5 18.Bf3 Nc4 19.Qxa7 Nxb2 20.Bxd5 exd5 21.Nc5 Nd3
22.Nxd3 Bxd3 23.Rfd1 Ra8 24.Qb6 Be4 25.Qc7 Qg5 26.Qg3 Qxg3 27.hxg3 Rxa2 28.Rc7 Rb2
29.Ra1 Rb8 30.Ra7 Bd3 31.Rd7 Ba6 32.Rxd5 Rc8 33.Rf5 g6 34.Rf3 Kg7 35.g4 Rb1+
36.Kh2 Rb2 37.Kg3 Rb1 38.Rf4 Rh1 39.Re4 Rg1 40.Re7 Kf8 41.Re5 Rb1 42.Re4 Rb6
43.Nf3 Re6 44.Rb4 Ke8 45.Nd4 Re5 46.Rb6 Rec5 47.Nb3 R5c6 48.Rxc6 Rxc6 49.Ra8+ Kd7
50.Nd4 Rc8 51.Rxc8 Kxc8 52.Kf4 Kd7 53.Ke5 Ke7 54.f4 Bf1 55.g3 Bh3 56.g5 hxg5
57.fxg5 Be6 58.e4 Bc4 59.Nc2 b5 60.Nb4 Kd7 61.Kd4 Kd6 62.Nc2 Kc6 63.Ne3 Be6
64.Nc2 Kb6 65.Nb4 Bc4 66.Nc2 Ka5 67.Kc3 Ka4 68.Nb4 Be6 69.Nc2 Ba2 70.Nb4 Bb1
71.e5 Be4 72.Na2 Ka5 73.Nb4 Kb6 74.Kd4 Bb1 75.Nd5+ Kc6 76.Nf4 Ba2 77.Nd3 Bc4
78.Nc5 Ba2 79.Nd3 Bb3 80.Nb2 b4 81.Nd3 Kb5 82.Nc5 Be6 83.Nd3 Ka4 84.Nc5+ Ka3
85.Kd3 b3  0-1

[Event "Candidates"]
[Site "Aarhus DEN"]
[Date "2003.07.29"]
[Round "3"]
[White "Rossen,C"]
[Black "Baekgaard,M"]
[Result "1/2-1/2"]
[WhiteElo "2202"]
[BlackElo "2217"]

1.d4 d5 2.Nf3 Nf6 3.c4 c6 4.Qc2 Bg4 5.Ne5 Bh5 6.Nd2 Nbd7 7.Nxd7 Qxd7 8.e3 Bg6
9.Bd3 e6 10.O-O Be7 11.Nf3 Bxd3 12.Qxd3 O-O 13.b3 Rfd8 14.Bb2 Rac8 15.Rfd1 dxc4
16.Qxc4 c5 17.Qe2 Qc7 18.dxc5 Qxc5 19.Rxd8+ Rxd8 20.Rc1 Qa5 21.Bc3 Qa3 22.Qb2 Rc8
23.Rd1 Qxb2 24.Bxb2 Kf8 25.Rc1 Rxc1+ 26.Bxc1 Nd5 27.Bd2 Ke8  1/2-1/2

[Event "ch-AUT"]
[Site "Hartberg AUT"]
[Date "2003.07.29"]
[Round "3"]
[White "Freitag,M"]
[Black "Danner,G"]
[Result "1/2-1/2"]
[WhiteElo "2393"]
[BlackElo "2359"]

1.d4 d5 2.c4 dxc4 3.Nf3 c6 4.e3 Be6 5.a4 Nf6 6.Na3 c5 7.Nxc4 Nc6 8.Be2 cxd4
9.exd4 g6 10.O-O Bg7 11.b3 O-O 12.Bb2 Rc8 13.Qd2 Bd5 14.Rfd1 Ne4 15.Qe1 Nd6  1/2-1/2

[Event "ch-NED Open"]
[Site "Dieren NED"]
[Date "2003.07.30"]
[Round "8"]
[White "Van der Werf,M"]
[Black "Hoeksema,E"]
[Result "1-0"]
[WhiteElo "2423"]
[BlackElo "2363"]

1.Nf3 d5 2.d4 Nf6 3.c4 c6 4.Qc2 dxc4 5.Qxc4 Bf5 6.g3 Nbd7 7.Bg2 e6 8.O-O Be7
9.Nc3 Ne4 10.Ne1 Nd6 11.Qb3 e5 12.d5 c5 13.Nb5 Rb8 14.Nxd6+ Bxd6 15.e4 Bg6
16.Nc2 b5 17.f4 f6 18.Qf3 c4 19.Qg4 Kf8 20.b4 Nb6 21.Be3 Qc8 22.Qh4 Nxd5
23.exd5 Bxc2 24.fxe5 Bxe5 25.Bc5+ Ke8 26.Rae1 Rb7 27.Rxf6 gxf6 28.Qxf6  1-0

[Event "Ceska Pojistovna Cup"]
[Site "Olomouc CZE"]
[Date "2003.07.30"]
[Round "1"]
[White "Wiley,To"]
[Black "Garlik,M"]
[Result "1-0"]
[WhiteElo "2328"]
[BlackElo "2127"]

1.d4 d5 2.c4 c6 3.Nf3 Nf6 4.Qc2 g6 5.Bf4 Bf5 6.Qb3 Qb6 7.e3 Nbd7 8.Nc3 Bg7
9.h3 O-O 10.c5 Qxb3 11.axb3 h5 12.b4 a6 13.Rg1 Rfe8 14.Be2 Nf8 15.Nd2 Ne6
16.Bh2 g5 17.Nb3 Nf8 18.Na4 N8d7 19.Na5 Ra7 20.Bc7 Bc2 21.Nb6 e5 22.Kd2 Bg6
23.f3 exd4 24.exd4 g4 25.Bd3 Nf8 26.Bxg6 Bh6+ 27.Kc2 fxg6 28.Rge1 Ne6 29.Be5 Kf7
30.fxg4 hxg4 31.Rf1 Nxd4+ 32.Bxd4  1-0

[Event "ch-AUT"]
[Site "Hartberg AUT"]
[Date "2003.08.02"]
[Round "7"]
[White "Stanec,N"]
[Black "Danner,G"]
[Result "1/2-1/2"]
[WhiteElo "2560"]
[BlackElo "2359"]

1.d4 d5 2.Nf3 c6 3.c4 dxc4 4.e3 Be6 5.Nc3 b5 6.g3 Nf6 7.Bg2 b4 8.Ne2 Bd5
9.a3 e6 10.axb4 Bxb4+ 11.Bd2 Qb6 12.O-O Nbd7 13.Nc3 O-O 14.Qe2 a5  1/2-1/2

[Event "ch-SLO"]
[Site "Bled SLO"]
[Date "2003.08.03"]
[Round "2"]
[White "Mikac,M"]
[Black "Guid,M"]
[Result "0-1"]
[WhiteElo "2387"]
[BlackElo "2214"]

1.d4 d5 2.Nf3 c6 3.c4 dxc4 4.e3 b5 5.a4 e6 6.axb5 cxb5 7.b3 Bb4+ 8.Bd2 Bxd2+
9.Nbxd2 Ne7 10.bxc4 b4 11.Qa4+ Nbc6 12.Ne5 Bd7 13.Nxd7 Qxd7 14.Be2 a5 15.O-O O-O
16.Bf3 Ra7 17.Rfd1 Rd8 18.Nb3 Qc7 19.d5 exd5 20.cxd5 Ne5 21.Be2 g6 22.Rdc1 Qb6
23.e4 f5 24.Nc5 fxe4 25.Ne6 Rdd7 26.Qb3 Qd6 27.Rd1 Nf7 28.Bb5 Rdb7 29.Bc6 Rb8
30.Nd4 a4 31.Bxa4 Rxa4 32.Qxa4 Nxd5 33.Ne2 Nb6 34.Rxd6 Nxa4 35.Rd5 b3  0-1

[Event "WYol u16"]
[Site "Denizli TUR"]
[Date "2003.08.05"]
[Round "3"]
[White "Kuzubov,Y"]
[Black "Banusz,T"]
[Result "1-0"]
[WhiteElo "2400"]
[BlackElo "2322"]

1.d4 d5 2.Nf3 Nf6 3.c4 c6 4.Nbd2 e6 5.g3 Nbd7 6.Bg2 Be7 7.O-O O-O 8.b3 b6
9.Bb2 Bb7 10.Ne5 Rc8 11.e4 dxe4 12.Nxe4 Nxe4 13.Bxe4 Nxe5 14.dxe5 Qxd1 15.Rfxd1 Rfd8
16.f4 Ba8 17.Kf2 c5 18.Bc2 Rxd1 19.Rxd1 Rd8 20.Ke3 g6 21.g4 Rxd1 22.Bxd1 Kg7
23.Bc3 Bc6 24.a3 Kf8 25.Be2 Kg7 26.b4 Bb7 27.Bf3 Bxf3 28.Kxf3 Kf8 29.Ke4 Ke8
30.f5 Bg5 31.Be1 Kd7 32.Bf2 Kc6 33.b5+ Kd7 34.a4 Bd2 35.h3 Bc1 36.Be1 Kc7
37.a5 Kd7 38.a6 Kd8 39.Bf2 Kc7 40.h4 Kc8 41.Bg3 Kd7 42.Bh2 Bd2 43.h5 Bg5
44.Bg3 Be7 45.Bf2 Ke8 46.Be3 Kf8 47.Bh6+ Ke8 48.Kf4 Kd7 49.f6 Bd8 50.Bg7 Bc7
51.Kg5 Bxe5 52.Kh6 gxh5 53.gxh5 Bf4+ 54.Kxh7 e5 55.Kg8 e4 56.h6 e3 57.h7 e2
58.h8=Q e1=Q 59.Qh5 Qe8+ 60.Bf8 Ke6 61.Qg4+ Kxf6 62.Qxf4+ Kg6 63.Qg4+ Kf6
64.Qf3+  1-0

[Event "HZ Open"]
[Site "Vlissingen NED"]
[Date "2003.08.08"]
[Round "8"]
[White "Rohde,U"]
[Black "Stellwagen,D"]
[Result "0-1"]
[WhiteElo "2248"]
[BlackElo "2462"]

1.c4 Nf6 2.Nf3 c6 3.d4 d5 4.Qc2 g6 5.Bf4 Na6 6.e3 Bg7 7.Nc3 O-O 8.h3 c5 9.dxc5 Nxc5
10.cxd5 Bf5 11.Qd1 Qa5 12.Bc4 b5 13.Be2 Nxd5 14.O-O Nxc3 15.bxc3 Rfd8 16.Qc1 Bd3
17.Nd4 e5 18.Bxd3 Nxd3 19.Qc2 Nxf4 20.Nb3 Qxc3  0-1

[Event "It"]
[Site "Lviv UKR"]
[Date "2003.08.10"]
[Round "2"]
[White "Hermanov,A"]
[Black "Hryhorenko,N"]
[Result "0-1"]
[WhiteElo "2268"]
[BlackElo "2217"]

1.d4 d5 2.c4 c6 3.Nf3 Nf6 4.Qc2 g6 5.Bf4 Na6 6.e3 Bf5 7.Qb3 Nb4 8.Qxb4 e5
9.c5 exf4 10.exf4 Qe7+ 11.Ne5 Bh6 12.g3 Ng4 13.Be2 Nxe5 14.fxe5 f6 15.exf6 Qxf6
16.Nd2 O-O 17.O-O-O Rae8 18.Rde1 Re4 19.f4 Rxd4 20.Qc3 Bg7 21.Nb3 Re4 22.Qxf6 Bxf6
23.Nd2 Re7 24.Bd1 Rfe8 25.Rxe7 Rxe7 26.Bc2 Bh3 27.Bd3 b6 28.Nb3 bxc5 29.Nxc5 Bd4
30.Na4 c5 31.Nc3 Bg2 32.Rd1 Be3+ 33.Kc2 d4 34.Na4 Rc7 35.b3 Bf3 36.Rf1 Bc6
37.Nb2 a5 38.Bc4+ Kg7 39.Nd3 Be4 40.a4 Kf6 41.Kd1 h5 42.Ke2 Bg2 43.Rb1 g5
44.fxg5+ Kxg5 45.Be6 Rc6 46.Bd7 Rf6 47.Nxc5 Rf2+ 48.Kd3 Rd2+ 49.Kc4 Rc2+
50.Kb5 Bf3 51.h4+ Kh6 52.Bf5 Be2+ 53.Nd3 Rc3 54.Kxa5 Bxd3 55.Bxd3 Rxd3 56.b4 Rc3
57.b5 d3 58.b6 Rc5+ 59.Kb4 d2 60.b7 Rc1 61.Rb2 d1=Q 62.b8=Q Qd4+ 63.Ka3 Rc3+
64.Rb3 Bc1+ 65.Ka2 Qxa4+  0-1

[Event "ADCF Masters"]
[Site "Abu Dhabi UAE"]
[Date "2003.08.17"]
[Round "2"]
[White "Vladimirov,E"]
[Black "Hasangatin,R"]
[Result "1-0"]
[WhiteElo "2606"]
[BlackElo "2515"]

1.d4 d5 2.c4 c6 3.Nf3 dxc4 4.e3 Be6 5.a4 Nf6 6.Na3 c5 7.Nxc4 Nc6 8.Nce5 Nxe5
9.Nxe5 a6 10.a5 cxd4 11.Qa4+ Nd7 12.exd4 g6 13.Bc4 Bxc4 14.Nxc4 Qc7 15.Nb6 Rd8
16.O-O Bg7 17.Bg5 O-O 18.Bxe7 Nxb6 19.Bxd8 Rxd8 20.axb6 Qxb6 21.Rae1 Qxd4
22.Qxd4 Rxd4 23.b3 Rb4 24.Re3 Bf6 25.Rc1 Kg7 26.Rc4 Rxc4 27.bxc4 Bd4 28.Ra3 Kf6
29.Kf1 h5 30.Ke2 Ke6 31.Ra2 Kd6 32.Kd3 Kc5 33.Re2 b6 34.f4 Bg1 35.h3 Kb4
36.Rb2+ Kc5 37.Rb1 Bh2 38.Rf1 f5 39.Kc3 h4 40.Kb3 Bg3 41.Rd1 Bxf4 42.Rd5+ Kc6
43.Rd8 Be3 44.Re8 f4 45.Re6+ Kc5 46.Rxg6 Bf2 47.Re6 b5 48.cxb5 axb5 49.Kc3 Kd5
50.Re8 Kc5 51.Re5+ Kc6 52.Kb4 Kd6 53.Rxb5  1-0

[Event "Open"]
[Site "Vienna AUT"]
[Date "2003.08.21"]
[Round "6"]
[White "Kopylov,M"]
[Black "Hansen,Kay"]
[Result "1-0"]
[WhiteElo "2450"]
[BlackElo "2230"]

1.d4 d5 2.Nf3 c6 3.c4 Nf6 4.Qc2 g6 5.Bf4 Bg7 6.e3 O-O 7.Nc3 Nbd7 8.h3 dxc4
9.Bxc4 Nb6 10.Bb3 Nbd5 11.Bh2 Bf5 12.Qe2 Qa5 13.Rc1 Nb4 14.Ne5 Nd7 15.Nc4 Qa6
16.e4 Be6 17.a3 Nb6 18.Nb1 Rad8 19.axb4 Rxd4 20.Nba3 f5 21.exf5  1-0

[Event "Acropolis Open"]
[Site "Athens GRE"]
[Date "2003.08.25"]
[Round "1"]
[White "Skembris,S"]
[Black "Himaras,S"]
[Result "1-0"]
[WhiteElo "2443"]
[BlackElo "2120"]

1.d4 d5 2.c4 c6 3.Nf3 Nf6 4.Qc2 g6 5.Bf4 Bf5 6.Qb3 Qb6 7.c5 Qxb3 8.axb3 Bxb1
9.Rxb1 Nbd7 10.Ra1 a6 11.h3 Ne4 12.e3 Bg7 13.b4 Rc8 14.Bd3 f5 15.g4 O-O 16.gxf5 gxf5
17.Ke2 Kh8 18.Rhg1 e6 19.Rg2 h6 20.Rag1 Rg8 21.Rg6 Nf8 22.R6g2 Nd7 23.Nh4 Rce8
24.f3 Nef6 25.Bd6 Nf8 26.Be5 Nh5 27.Ng6+ Nxg6 28.Rxg6 Kh7 29.Rxe6 Bxe5 30.Bxf5+ Kh8
31.Rxh6+  1-0

[Event "Open"]
[Site "Porto San Giorgo ITA"]
[Date "2003.08.26"]
[Round "6"]
[White "Laketic,G"]
[Black "Helmers,W"]
[Result "1-0"]
[WhiteElo "2393"]
[BlackElo "2127"]

1.d4 d5 2.c4 c6 3.Nf3 Nf6 4.Qc2 g6 5.e3 Na6 6.cxd5 Nb4 7.Qb3 Nbxd5 8.Nbd2 Bg7
9.Bc4 O-O 10.O-O a5 11.e4 a4 12.Qc2 Nc7 13.Rd1 b5 14.Be2 Bb7 15.b4 Ne6 16.Bb2 Qb6
17.a3 Rfd8 18.Rac1 Rac8 19.Qb1 Nh5 20.e5 Nhf4 21.Bf1 f5 22.exf6 exf6 23.Ne4 Nd5
24.Re1 Kf7 25.g3 Rc7 26.h4 Bc8 27.h5 Nf8 28.hxg6+ hxg6 29.Bg2 Re7 30.Qc2 Bf5
31.Nh4 Bh6 32.f4 Bd7 33.Nd6+ Kg7 34.Bxd5 Rxe1+ 35.Rxe1 cxd5 36.Re7+ Kg8 37.Qc5 Qxc5
38.dxc5 Bg7 39.f5 g5 40.Nf3 Nh7 41.Nb7 Re8 42.Rxd7 g4 43.c6 gxf3 44.Rd8  1-0

[Event "Open"]
[Site "Porto San Giorgo ITA"]
[Date "2003.08.27"]
[Round "7"]
[White "Horvath,P1"]
[Black "Georgiev,Vl"]
[Result "1/2-1/2"]
[WhiteElo "2463"]
[BlackElo "2566"]

1.d4 d5 2.c4 c6 3.Nf3 Nf6 4.Qc2 e6 5.Bg5 Nbd7 6.cxd5 cxd5 7.Nc3 a6 8.e3 b5
9.Bd3 Bb7 10.O-O Rc8 11.Qe2 Be7 12.a4 b4 13.Nb1 a5 14.Nbd2 h6 15.Bxf6 Bxf6
16.Bb5 O-O 17.Nb3 Nb8 18.Rfc1 Qb6 19.h3 Rfd8 20.Rxc8 Rxc8 21.Rc1 Rxc1+ 22.Nxc1 Na6
23.Qc2 Nc7 24.Bd3 Bc6 25.b3 Be8 26.Bf1 Qc6 27.Qxc6 Bxc6 28.Nd3 Be7 29.Nfe5 Be8
30.f4 f6 31.Nf3 Bg6 32.Kf2 Kf8 33.Be2 Ke8 34.Ke1 Kd7 35.Kd2 Be4 36.Nf2 g5
37.g3 Bf8 38.Nxe4 dxe4 39.Ng1 gxf4 40.gxf4 Be7 41.Bc4 f5 42.Ke2 Bh4 43.Kf1 Kd6
44.Ne2 Ne8 45.Nc1 Nf6 46.Ne2 Ke7 47.Nc1 Nd7 48.Ke2 Kd6 49.Kf1 Bd8 50.Ke2 Nf8
51.Kf2 Ng6 52.Ne2 Bb6 53.Bb5 Ke7 54.Bc4 Kf6 55.Kg3 Nf8 56.Kf2 Bd8 57.Bb5 Kf7
58.Kf1 Nh7 59.Bc4 Nf6 60.Ng3 Ke7 61.Kf2 Bb6 62.Ne2 Bd8 63.Ng3 Nd7 64.Ne2 Kd6
65.Nc1 Be7 66.Kf1 Bh4 67.Ke2 Ke7 68.Kf1 Kf6 69.Ne2 Nb6 70.Nc1 Nc8 71.Ke2 Nd6
72.Kf1 Ne8 73.Ne2 Nc7 74.Kg2 Be1 75.Kf1 Bd2 76.Kf2 Na8 77.Ng3 Nb6 78.Bb5 Bc1
79.Nf1 Nd5 80.Bc4 Ne7 81.Ke2 Bb2 82.Ng3 Nc8 83.Nf1 Ke7 84.Kd2 Kd6 85.Ng3 Bc3+
86.Ke2 Nb6 87.Bb5 Nd5 88.Nh5 Ke7 89.Bc4 Nc7 90.Ng3 Ne8 91.Kd1 Nf6  1/2-1/2

[Event "Acropolis WGM"]
[Site "Athens GRE"]
[Date "2003.08.29"]
[Round "5"]
[White "Grapsa,G"]
[Black "Khusnutdinova,L"]
[Result "0-1"]
[WhiteElo "2104"]
[BlackElo "2309"]

1.d4 d5 2.c4 c6 3.Nf3 Nf6 4.g3 Bf5 5.Bg2 e6 6.O-O h6 7.Nbd2 Be7 8.Re1 O-O
9.Ne5 Nbd7 10.b3 Nxe5 11.dxe5 Ng4 12.Bb2 Qc7 13.e4 dxe4 14.Bxe4 Qb6 15.Qe2 Nxf2
16.Bxf5 exf5 17.Kg2 Bc5 18.Qf3 Rad8 19.Re2 Bd4 20.c5 Bxc5 21.Nc4 Qb5 22.Rxf2 Bxf2
23.Qxf2 Qd5+ 24.Kg1 b6 25.Re1 Qd3 26.Nd6 f6 27.Nxf5 fxe5 28.Rf1 Kh7 29.Qe3 Rfe8
30.Qe1 Rd7 31.Qb4 Rf7 32.Qd6 Qe4 33.Nh4 Qe3+  0-1

[Event "Acropolis Open"]
[Site "Athens GRE"]
[Date "2003.08.30"]
[Round "6"]
[White "Skembris,S"]
[Black "Avrukh,B"]
[Result "0-1"]
[WhiteElo "2443"]
[BlackElo "2557"]

1.d4 d5 2.c4 c6 3.Nf3 Nf6 4.Qc2 Bg4 5.Ne5 Bh5 6.Bf4 e6 7.e3 Nbd7 8.Nc3 Be7
9.Bd3 dxc4 10.Nxc4 O-O 11.O-O c5 12.Be5 cxd4 13.exd4 Rc8 14.Rfe1 Rc6 15.Bg3 Bg6
16.Bxg6 Rxc4 17.Bd3 Rxd4 18.Nb5 Rd5 19.Bc4 Rc5 20.b4 Rg5 21.Bc7 Qc8 22.h4 Rg4
23.Be2 Rxb4 24.Rec1 Nd5 25.Qd2 Nc5 26.Bd6 Bxd6 27.Nxd6 Qc6 28.Nc4 Ne4 29.Qe1 b5  0-1

[Event "Polish Extraleague"]
[Site "Lubniewice POL"]
[Date "2003.08.30"]
[Round "1"]
[White "Krasenkow,M"]
[Black "Swicarz,M"]
[Result "1-0"]
[WhiteElo "2585"]
[BlackElo "2308"]

1.d4 d5 2.Nf3 Nf6 3.c4 c6 4.Qc2 e6 5.Nbd2 Nbd7 6.g3 Be7 7.Bg2 O-O 8.O-O b6
9.e4 dxe4 10.Nxe4 Nxe4 11.Qxe4 Bb7 12.Rd1 Rc8 13.Bf4 Ba8 14.Qc2 Re8 15.c5 Nf6
16.Ne5 Nd5 17.Be4 g6 18.Bh6 Qc7 19.h4 bxc5 20.h5 cxd4 21.Nxf7 Ne3 22.Qd3 c5
23.Bxe3 Bxe4 24.Nh6+ Kg7 25.Qxe4 dxe3 26.Qxe3 Bf6 27.Ng4 Bd4 28.Qh6+ Kh8
29.hxg6 Rg8 30.Rxd4 Rxg6 31.Qe3 cxd4 32.Qxd4+ Kg8 33.Rd1 Qg7 34.Ne5 Rg5 35.Re1 Rf8
36.Re3 Qf6 37.Re1 Rh5 38.Kg2 Rf5 39.f4 Qg7 40.Kf2 Qh6 41.Nf3 Qf6 42.Qb4 a6
43.Qb3 Rb5 44.Qc4 Rxb2+ 45.Kg1 Qg6 46.Ng5 h6 47.Rxe6 Rb1+ 48.Kf2 Qxg5 49.Rg6+ Kh7
50.Rxg5 Rb2+ 51.Kf3 hxg5 52.Qd3+  1-0

[Event "V Open"]
[Site "Sants ESP"]
[Date "2003.08.30"]
[Round "10"]
[White "Ikonnikov,V"]
[Black "Panelo,M"]
[Result "1/2-1/2"]
[WhiteElo "2546"]
[BlackElo "2335"]

1.d4 d5 2.c4 c6 3.Nf3 Nf6 4.Qb3 e6 5.Bg5 Be7 6.e3 O-O 7.Nc3 Nbd7 8.Rd1 b6
9.cxd5 Nxd5 10.Nxd5 Bxg5 11.Nb4 Bb7 12.Qa4 b5 13.Qc2 Rc8 14.Nd3 c5 15.dxc5 Bxf3
16.gxf3 Nxc5 17.Nxc5 Qa5+ 18.Rd2 Be7 19.Qe4 Rxc5 20.Bd3 g6 21.Ke2 Rd5 22.a3 Rfd8
23.f4 Bf6 24.Rhd1 Qb6 25.Qb4 a5 26.Qb3 Kg7 27.Be4 Rxd2+ 28.Rxd2 Rxd2+ 29.Kxd2 Qc5
30.Bf3 e5 31.Qd5 Qc7 32.fxe5 Bxe5 33.Qxb5 Bxh2 34.Qb7 Qd6+ 35.Ke2 Qf6 36.Kf1 h5
37.Kg2 Bd6 38.b4 axb4 39.axb4 h4 40.Qe4 Qg5+ 41.Qg4 Qxg4+ 42.Bxg4 f5 43.Bd1 Bxb4  1/2-1/2

[Event "1st League TCh-SCG"]
[Site "Budva SCG"]
[Date "2003.09.01"]
[Round "4"]
[White "Jeremic,V"]
[Black "Ivanovic,B"]
[Result "1/2-1/2"]
[WhiteElo "2467"]
[BlackElo "2512"]

1.d4 d5 2.c4 c6 3.Nf3 Nf6 4.Qc2 g6 5.Bf4 Bg7 6.e3 O-O 7.Nc3 Na6 8.Be5 Qa5
9.Be2 dxc4 10.Bxc4 b5 11.Be2 Bf5 12.Qb3 Nb4 13.O-O Bc2 14.Qa3 Qxa3 15.bxa3 Nd3
16.Ne1 Nxe1 17.Rfxe1 Rac8 18.g4 g5 19.Rac1 Bg6 20.Bf3 Rfd8 21.Nb1 Ne4 22.Bxg7 Kxg7
23.Bxe4 Bxe4 24.Nd2 Bd5 25.Rc5 f6 26.Rec1 h5 27.gxh5 Kh6 28.e4 Be6 29.Rxc6 Rxd4
30.Rxc8 Bxc8 31.Rxc8 Rxd2 32.Rc7 a5 33.Ra7 a4 34.Rxe7 Rxa2 35.Rb7 Rxa3 36.Rxb5 Kxh5
37.Rb6 Rf3 38.Kg2 Rf4 39.Rb4 a3 40.Ra4 f5 41.f3 fxe4 42.fxe4 a2 43.Rxa2 Rxe4  1/2-1/2

[Event "1st League TCh-SCG w"]
[Site "Budva SCG"]
[Date "2003.09.01"]
[Round "4"]
[White "Maric,A"]
[Black "Velcheva,M"]
[Result "1/2-1/2"]
[WhiteElo "2433"]
[BlackElo "2292"]

1.d4 d5 2.Nf3 Nf6 3.c4 c6 4.Qc2 e6 5.Nbd2 Nbd7 6.g3 Bd6 7.Bg2 O-O 8.O-O Qe7
9.b3 e5 10.dxe5 Nxe5 11.Bb2 Re8 12.cxd5 Nxd5 13.Nc4 Nxc4 14.Qxc4 Nb6 15.Qc3 f6
16.Rad1 Bb4 17.Qc1 Bg4 18.a3 Bd6 19.Rd2 Rad8 20.Rfd1 Bc7 21.h3  1/2-1/2

[Event "Polish Extraleague"]
[Site "Lubniewice POL"]
[Date "2003.09.01"]
[Round "3"]
[White "Matlak,M"]
[Black "Swicarz,M"]
[Result "1/2-1/2"]
[WhiteElo "2501"]
[BlackElo "2308"]

1.d4 d5 2.Nf3 Nf6 3.c4 c6 4.Qc2 dxc4 5.Qxc4 Bf5 6.g3 e6 7.Bg2 Nbd7 8.O-O Be7
9.Nc3 O-O 10.e3 Ne4 11.Qe2 Nxc3 12.bxc3 Be4 13.Rd1 Rc8 14.Ne1 Bxg2 15.Kxg2 c5
16.e4 cxd4 17.cxd4 Bf6 18.Ba3 Re8 19.Qb5 Rc7 20.Bd6 Rc6 21.e5 Rb6 22.Qa4 Ra6
23.Qb5 Rb6 24.Qa4 Ra6 25.Qb5 Rb6 26.Qa4  1/2-1/2

[Event "1st League TCh-SCG"]
[Site "Budva SCG"]
[Date "2003.09.03"]
[Round "6"]
[White "Jeremic,V"]
[Black "Blagojevic,D"]
[Result "0-1"]
[WhiteElo "2467"]
[BlackElo "2538"]

1.d4 d5 2.c4 c6 3.Nf3 Nf6 4.Qc2 dxc4 5.Qxc4 Bf5 6.g3 e6 7.Bg2 Nbd7 8.O-O Be7
9.Nc3 O-O 10.a4 a5 11.e3 Qb6 12.Nh4 Bc2 13.e4 Bb3 14.Qd3 Rfd8 15.Nf3 e5 16.Be3 Ng4
17.Kh1 exd4 18.Bxd4 c5 19.Nb5 cxd4 20.Qxb3 Nc5 21.Qc4 Nxe4 22.Kg1 Ngxf2 23.Rxf2 Nxf2
24.Kxf2 d3+ 25.Kf1 Rac8 26.Qf4 Rc2 27.Ne5 Bf6 28.Ng4 Bxb2 29.Rd1 Qe6 30.Be4 f5
31.Bxd3 Rxd3 32.Re1 Rd1 33.Qb8+ Rc8  0-1

[Event "56th ch-RUS"]
[Site "Krasnoyarsk RUS"]
[Date "2003.09.03"]
[Round "1"]
[White "Filippov,Va"]
[Black "Riazantsev,A"]
[Result "1/2-1/2"]
[WhiteElo "2630"]
[BlackElo "2533"]

1.Nf3 d5 2.d4 c6 3.c4 dxc4 4.e3 Be6 5.Nc3 b5 6.a4 b4 7.Na2 a5 8.Ng5 Bc8 9.Bxc4 e6
10.e4 Be7 11.Nf3 Nf6 12.Qc2 Bb7 13.Bg5 Nbd7 14.O-O c5 15.Bxf6 Bxf6 16.dxc5 O-O
17.Bb5 b3 18.Qxb3 Nxc5 19.Qe3 Nxe4 20.Rfd1 Qb8 21.Nc3 Nd6 22.Nd4 Rc8  1/2-1/2

[Event "VII Pablo Gorbea"]
[Site "Madrid ESP"]
[Date "2003.09.03"]
[Round "3"]
[White "Solaesa Navalpotro,L"]
[Black "Perez,Lu"]
[Result "1/2-1/2"]
[WhiteElo "2239"]
[BlackElo "2408"]

1.d4 d5 2.c4 c6 3.Nf3 Nf6 4.Qc2 dxc4 5.Qxc4 Bf5 6.Nc3 e6 7.g3 Be7 8.Bg2 O-O
9.O-O Nbd7 10.Nh4 Bg4 11.h3 Bh5 12.e4 e5 13.Nf5 exd4 14.Nxe7+ Qxe7 15.Qxd4 Rfd8
16.g4 Ne5 17.Qe3 Rd3 18.Qe2 Nfxg4 19.hxg4 Bxg4 20.f3 Qc5+ 21.Qf2 Nxf3+ 22.Bxf3 Qxf2+
23.Rxf2 Bxf3 24.Rd2 Rad8 25.Rxd3 Rxd3 26.Kf2 h5 27.Be3 Bg4 28.Rc1 b6 29.Rc2 Rd6
30.e5 Re6 31.Bf4 f6 32.exf6 Rxf6 33.Kg3 Be6 34.Rh2 Rf5 35.Bb8 a6 36.a3 b5
37.Ne2 c5 38.Nf4 Bf7 39.Bd6 c4 40.Bb4 Kh7 41.Bd2 Rg5+  1/2-1/2

[Event "zt 2.5"]
[Site "Asuncion PAR"]
[Date "2003.09.14"]
[Round "1"]
[White "Valiente,C"]
[Black "Vasquez,R"]
[Result "1/2-1/2"]
[WhiteElo "2322"]
[BlackElo "2514"]

1.d4 d5 2.Nf3 Nf6 3.c4 c6 4.Qc2 g6 5.e3 Bg7 6.Be2 O-O 7.O-O e6 8.Nc3 Nbd7
9.b3 b6 10.Bb2 Bb7 11.Rfd1 Rc8 12.Rac1 Re8 13.Qb1 Qc7 14.h3 Qb8 15.b4 dxc4
16.Bxc4 c5 17.dxc5 Bxf3 18.gxf3 bxc5 19.b5 Nb6 20.Be2 Red8 21.Rxd8+ Rxd8
22.Rd1 c4 23.a4 Rc8 24.Qc2 Qc7 25.Kg2 Qc5 26.f4 Nbd5 27.Rd4 Qb4 28.Qd2 Ne8
29.Nxd5 Qxd2 30.Ne7+ Kf8 31.Rxd2 Kxe7 32.Ba3+ Kf6  1/2-1/2

[Event "FSIM September"]
[Site "Budapest HUN"]
[Date "2003.09.15"]
[Round "10"]
[White "Gonda,L"]
[Black "Madl,I"]
[Result "1/2-1/2"]
[WhiteElo "2449"]
[BlackElo "2361"]

1.d4 d5 2.Nf3 Nf6 3.c4 c6 4.Qc2 dxc4 5.Qxc4 Bf5 6.Nc3 e6 7.g3 Nbd7 8.Bg2 Be7
9.O-O O-O 10.Re1 Ne4 11.Bf4 Qa5 12.Nd2 Nxc3 13.Qxc3 Qxc3 14.bxc3 g5 15.e4 Bxe4
16.Bxg5 Bxg5 17.Nxe4 Be7 18.Rab1 b6 19.f4 Rac8 20.Rb3 Nf6 21.Ng5 Rc7 22.f5  1/2-1/2